00626 2200229 4500001002100000005001500021008000500036020002200041035002400063082001400087084002000101100002600121245006900147250001100216260003300227300003800260500002700298650002300325990001600348990001600364990001600380YOGYA00000000009967220140823124341 ind a978-979-1616-19-1 0010-101300000000565 a808.55982 a808.55982 Har P aHARIWIJAYA, M., 1976- aPamedhar sabda & sesorah basa jawi gagrak anyar/cM. Hariwijaya. aCet.1. aYogyakarta:bAlmatera,c2010 a217 hlm.:bilus.;c21 cm (2 eks.) aBibliografi : hlm. 217 aPembawa acara jawa a2053/B.2013 a2054/B.2013 a2055/B.2013